000 00658nam a2200229Ia 4500
003 OSt
005 20220918175550.0
006 a|||||r|||| 00| 0
007 ta
008 220917b |||||||| |||| 00| 0 eng d
024 _a18,045
037 _cTextual
040 _aARTS
_cARTS
_beng
041 _2eng
_aeng
082 _aO111,2J64,83, K3
100 _aShakespeare William
_9226
245 0 _aphysiologist, ed by F D Hoeniger, Arden Shakespeare, ed by Harold F Brooks and Harold Jenkins
260 _c1963
650 _aENGLISH LITERATURE
942 _hO111,2J64,83, K3
_cTEXL
_2CC
999 _c158186
_d158186